| 000 | 00882cab a2200277 4500 | ||
|---|---|---|---|
| 001 | WB2503-28 | ||
| 008 | 090401t1989 xxu||||| |||| 00| 0 eng d | ||
| 035 | _a(Sirsi) u37402 | ||
| 041 | _aeng | ||
| 245 | _aEstate agents axe staff | ||
| 260 | _c1989 | ||
| 350 | _a0 | ||
| 490 |
_aDaily Telegraph _v16/1/89 p19 |
||
| 490 |
_aTimes _v18/1/89 p2 |
||
| 490 |
_aNationwide Anglia Press Information _v17/1/89 3 pages |
||
| 520 | _aDue to decline in the housing market the Prudential Corporation is aiming to reduce staff by 500 and the Nationwide Anglia Estate Agents chain is to close 50 offices. | ||
| 650 | _aBUILDING SOCIETY | ||
| 650 | _aCORNERSTONE | ||
| 650 | _aESTATE AGENCY | ||
| 650 | _aHOUSE PURCHASE | ||
| 650 | _aINSTITUTIONS | ||
| 650 | _aREDUCTION | ||
| 690 | _aMANAGEMENT-BUSINESS MANAGEMENT-PROFESSIONAL PRACTICE | ||
| 942 | _n0 | ||
| 948 | _c04/03/1997 | ||
| 999 |
_c24181 _d24181 |
||